| 000 | 00825nam a22002412 4500 | ||
|---|---|---|---|
| 001 | 0000024073 | ||
| 005 | 20151217152256.0 | ||
| 008 | 130509s xx 000 0 eng d | ||
| 020 | _a1107402812 : | ||
| 040 |
_aKABU _cKABU |
||
| 245 | 1 | 0 |
_aGenerational income mobility in North America and Europe / _cedited by Miles Corak. |
| 250 | _a1st ed. | ||
| 260 |
_aCambridge : _bC. U. P., _c2004. |
||
| 300 | _axix, 319 p. | ||
| 650 | 0 |
_aIncome distribution _zNorth America. _@0000184023 |
|
| 650 | 0 |
_aIncome distribution _zEurope. _@0000184024 |
|
| 650 | 0 |
_aSocial mobility _zNorth America. _@0000184025 |
|
| 700 | 1 |
_aCorak, Miles. _@0000184026 |
|
| 852 | 1 | _9p2860 KES | |
| 852 | 1 | _9p2860 KES | |
| 908 | _a130509 | ||
| 950 | _@1 | ||
| 999 |
_c10165 _d10165 |
||